00469nam a2200145Ia 4500003000900000008004100009040001600050080002200066100001400088245011700102260004500219300002300264650001800287650001800305IN-BaIIA211028s9999 xx 000 0 eng d cIIA Library a083.8:524.45bLYN aLynga, G. 2aA computer readable catalogue of open cluster datacG. Lynga  aFrancebObservatoire De Strasbourgc1980 a[various pagings.] aOpen Clusters aStar clusters